00566nam a2200169 a 450000100060000000300090000600800410001504000280005608200180008410000200010224500980012225000060022026000630022630000110028965000480030065000480034811730CO-ViMGA141112s2004 ck r 000 u spa d aCO-ViMGAbspacCO-ViMGA04a338.9861 C65p1 aBarco, Virgilio10aPlan de economía social : bPlanes y programas de desarrollo economico y social 1987 - 1990 a1 aBogotá, cDeparatamento Nacional de planeación, c1987 a535 p.14aCOLOMBIA, Política ECONOMICA, 1987 - 199014aPLANES DE DESARROLLO, COLOMBIA, 1987 - 1990